The Selection (Kiera Cass) - Statistics

General Stats
  • This quiz has been taken 12 times
  • The average score is 6 of 15
Answer Stats
Hint Answer % Correct
How many children did America have? Four
100%
What color of dress did America favor? Blue
90%
Where did America first meet Maxon? (Name of area) Hallway
50%
What other selection contestant was actually in love with Maxon? Kriss Ambers
50%
What province was Queen Amberly from? Honduragua
40%
What was the name of Gregory Illea's daughter? (No accent needed) Katherine Illea
40%
What are the names of America's maids? (retired, handmaiden, deceased) Lucy, Mary, Anne
40%
What was Amberly's surname before she married Clarkson? Station
40%
What was the name of King Clarkson's mother? (First and last name) Abby Schreave
30%
Name America's siblings from oldest to youngest (First name only, all separated by commas, no and) Kenna, Kota, May, Gerad
30%
Who was the first Schreave to take the throne? (First and last name) Porter Schreave
30%
Who did America's first son marry? (First and last name) Camille de Sauveterre
20%
What is the name of America's granddaughter? (First and last name) Kerttu Koskinen
20%
Who is America's best friend? Marlee Woodwork
20%
What is the name of America's daughter's lady-in-waiting? (First and last name) Neena Hallensway
20%
No matching quizzes found
Score Distribution
Percent of People with Each Score
Percentile by Number Answered
Your Score History
You have not taken this quiz